000 00427nam a2200193Ia 4500
005 20240823034809.0
008 240823s9999||||xx |||||||||||||| ||und||
020 _a978-93-80143-11-8
041 _aENGLISH
082 _A823 P9
100 _aDavid Blacker
245 2 _aA Cause Untrue
250 _a1st
260 _c2009
_bHachac
500 _aYES
650 _aCause Untrue
_bGeneral
942 _cBK
999 _c199148
_d199148